| 000 | 00420nam a2200145Ia 4500 | ||
|---|---|---|---|
| 008 | 230411s9999 xx 000 0 und d | ||
| 020 | _a81-239-0862-8 | ||
| 041 | _aeng | ||
| 082 | _aPH/615.1/GRO/MAL/B02222 | ||
| 100 |
_aMalik Monika & Grover J K _9177282 |
||
| 245 | _aText Book of Pharmacology for Nurses | ||
| 260 |
_bCBS Publishers & Distributors _aNew Delhi _c2002 |
||
| 300 | _a516p | ||
| 999 |
_c153439 _d153439 |
||